| 000 | 00337nam a2200121Ia 4500 | ||
|---|---|---|---|
| 008 | 180309s9999 xx 000 0 und d | ||
| 020 | _a9710822144 | ||
| 100 | _aStern, Stanley H. | ||
| 245 | _aStatistics simplified and self-taught / | ||
| 260 |
_aMandaluyong City : _b1984 _cArco Pub |
||
| 300 | _avii, 133 pages | ||
| 650 | _aStatistics. | ||
| 999 |
_c356131 _d356131 |
||